000 00844nam a2200217 a 4500
001 55631
003 BD-RjUL
005 20211209080308.0
008 161120s1965 bg ||||| |||| 00| 0 ben d
035 _a(BD-RjUL)55754
040 _aBD-RjUL
_bben
_cBD-RjUL
_dBD-RjUL
041 _aben
082 _223
_a811
_bWHI 1965
245 0 0 _aহুইটম্যানের কবিতা /
_cসম্পাদনা ও অনুবাদ : সৈয়দ আলী আহসান
260 _aঢাকা :
_bসাহিত্যিকা,
_c১৯৬৫.
300 _a৯৭ পৃ. ;
_c১৭ সেমি.
650 _aইংরেজী কবিতা
_9123314
650 _aEnglish Poetry
_9165733
700 _aআহসান, সৈয়দ আলী
_qসম্পাদনা ও অনুবাদ :
_9165734
942 _2ddc
_cBK
999 _c55631
_d55631